Statystyki dla Członkowie OPEC

Kliknij tutaj aby rozwiązać quiz!

Ogólne statystyki

  • Ten quiz został rozwiązany 76 razy
  • Średni wynik to 8 z 13

Statystyki odpowiedzi

Odpowiedź% Poprawnych
Arabia Saudyjska
96%
Irak
90%
Iran
90%
Zjednoczone Emiraty Arabskie
85%
Kuwejt
78%
Wenezuela
66%
Algieria
56%
Libia
51%
Nigeria
50%
Angola
46%
Kongo
32%
Gabon
28%
Gwinea Równikowa
24%

Rozkład punktacji

Percentyl według liczby udzielonych odpowiedzi

Procent ludzi z każdym wynikiem

Twoja historia wyników

Nie rozwiązałeś tego quizu